| 000 | 00921pam a2200277 i 4500 | ||
|---|---|---|---|
| 001 | 015825846 | ||
| 003 | EG-ScBUE | ||
| 005 | 20240312113143.0 | ||
| 008 | 110610s2011 enkaf f b 001 0beng d | ||
| 020 | _a9780670917679 | ||
| 040 |
_aEG-ScBUE _beng _erda _cEG-ScBUE _dEG-ScBUE |
||
| 082 | 0 | 4 |
_a928.42 _222 _bTOM |
| 100 | 1 |
_aTomalin, Claire, _eauthor. _929911 |
|
| 245 | 1 | 0 |
_aCharles Dickens : _ba life / _cClaire Tomalin. |
| 264 | 1 |
_aLondon : _bViking, _c2011. |
|
| 300 |
_axlvii, 527 pages, [12] pages of plates : _billustrations ; _c25 cm |
||
| 336 |
_2rdacontent _atext _btxt |
||
| 337 |
_aunmediated _2rdamedia _bn |
||
| 338 |
_avolume _bnc _2rdacarrier |
||
| 504 | _aIncludes bibliographical references and index. | ||
| 600 | 1 | 7 |
_aDickens, Charles, _d1812-1870. _2BUEsh _929912 |
| 650 | 7 |
_aNovelists, English _y19th century _vBiography. _2BUEsh _929913 |
|
| 653 | _cMay2012 | ||
| 655 | _vReading book | ||
| 942 |
_2ddc _cBB |
||
| 999 |
_c16728 _d16728 |
||